| 000 | 00717nam a22002297a 4500 | ||
|---|---|---|---|
| 005 | 20170124110055.0 | ||
| 010 | _aA-845281 | ||
| 020 | _c00.00 | ||
| 035 | _aA-845281 | ||
| 037 | _bCen Lib/Ret | ||
| 040 |
_aDPL _bEN |
||
| 082 |
_a954.0841 _bNOO |
||
| 100 |
_aNoorani, A. G. _94247 |
||
| 245 |
_aThe trial of Bhagat singh : _cby A. G. Noorani _bpolitics of justice / |
||
| 260 |
_aDelhi _bKonark Publishers _c1996 |
||
| 270 |
_bDelhi _aA-149, Main Vikas Marg _e110092 |
||
| 300 |
_axx,339p. _c21cm(Hb) |
||
| 500 | _aIncludes index | ||
| 650 |
_aSingh, Bhagat -- Trials, litigation, etc _926307 |
||
| 650 |
_aTrials (Treason) -- Pakistan -- Lahore _926308 |
||
| 942 |
_2ddc _cEN _h954.0841 _mNOO |
||
| 999 |
_c129416 _d129416 |
||